Chelsea's Ideal Starting 11 - Statistics

General Stats
  • This quiz has been taken 222 times
    201 since last reset
  • The average score is 9 of 11
Answer Stats
Position Player % Correct
LAM Hazard
92%
GK Courtois
88%
CB Azpilicueta
82%
CM Kante
81%
RAM Willian
81%
CB Cahill
80%
LWB Alonso
79%
CM Fabregas
70%
CB Luiz
70%
RWB Moses
69%
ST Morata
68%
No matching quizzes found
Score Distribution
Percent of People with Each Score
Percentile by Number Answered
Your Score History
You have not taken this quiz since the last reset